SPAM A SHADOW HISTORY OF THE INTERNET (Record no. 32753)
[ view plain ]
| 000 -LEADER | |
|---|---|
| fixed length control field | 00327nam a2200133Ia 4500 |
| 008 - FIXED-LENGTH DATA ELEMENTS--GENERAL INFORMATION | |
| fixed length control field | 240624s9999 xx 000 0 und d |
| 041 ## - LANGUAGE CODE | |
| Language code of text/sound track or separate title | eng |
| 082 ## - DEWEY DECIMAL CLASSIFICATION NUMBER | |
| Classification number | 384.34 BRU |
| 100 ## - MAIN ENTRY--PERSONAL NAME | |
| Personal name | BRUNTON FINN |
| 245 ## - TITLE STATEMENT | |
| Title | SPAM A SHADOW HISTORY OF THE INTERNET |
| 260 ## - PUBLICATION, DISTRIBUTION, ETC. | |
| Date of publication, distribution, etc. | 2013 |
| Place of publication, distribution, etc. | London |
| Name of publisher, distributor, etc. | The MIT Press |
| 300 ## - PHYSICAL DESCRIPTION | |
| Extent | 270 p. |
| 365 ## - TRADE PRICE | |
| Currency code | |
| Price amount | 33 |
| Withdrawn status | Lost status | Damaged status | Not for loan | Home library | Current library | Shelving location | Date acquired | Full call number | Barcode | Date last seen | Copy number | Price effective from | Koha item type |
|---|---|---|---|---|---|---|---|---|---|---|---|---|---|
| IMTN | IMTN | Rack 15-B | 01/07/2022 | 384.34 BRU | 32753 | 06/24/2024 | 78.2 | 06/24/2024 | Books |